[Event "C.to Italiano Semifinale"]
[Site "Civitanova Marche ITA"]
[Date "2013.07.21"]
[Round "2"]
[White "Santagati, Alessandro"]
[Black "Scalcione, Michelangelo"]
[WhiteElo "2195"]
[BlackElo "2342"]
[Result "1/2-1/2"]
[PlyCount "125"]
[EventDate "2013.07.20"]

1. e4 d6 2. d4 Nf6 3. Nc3 c6 4. Nf3 Bg4 5. h3 Bh5 6. Bd3 e6 7. Qe2 Bxf3 8. Qxf3
d5 9. Bg5 Be7 10. Bxf6 Bxf6 11. e5 Be7 12. Qg4 g6 13. O-O-O Qa5 14. Kb1 b5 15.
h4 h5 16. Qf4 Nd7 17. g4 Nb6 18. Ne2 Rb8 19. Nc1 Nc4 20. Nb3 Qb6 21. gxh5 Rxh5
22. Rh3 Rh8 23. Rf3 Rf8 24. h5 g5 25. Qg4 a5 26. h6 a4 27. Rxf7 Rxf7 28. Bg6
axb3 29. cxb3 Nxe5 30. dxe5 Qxf2 31. Qxe6 Kf8 32. Bxf7 Qxf7 33. Qxc6 Qf5+ 34.
Ka1 Qxe5 35. Rf1+ Kg8 36. Qg6+ Kh8 37. a3 Rf8 38. Rxf8+ Bxf8 39. Ka2 d4 40. a4
bxa4 41. bxa4 Qd5+ 42. Kb1 Qh1+ 43. Kc2 Qh2+ 44. Kd3 Qh3+ 45. Kxd4 Bxh6 46.
Qe8+ Kh7 47. Qe4+ Kg8 48. b4 Bg7+ 49. Kc4 Qc8+ 50. Kd3 Qd7+ 51. Ke2 Kf7 52. a5
Qb5+ 53. Kf3 Qf1+ 54. Kg4 Qg1+ 55. Kf5 Qf2+ 56. Kxg5 Qg3+ 57. Kf5 Qh3+ 58. Qg4
Qd3+ 59. Qe4 Qh3+ 60. Qg4 Qh7+ 61. Kf4 Qh2+ 62. Kf3 Qh1+ 63. Ke2 1/2-1/2

[Event "C.to Italiano Semifinale"]
[Site "Civitanova Marche ITA"]
[Date "2013.07.21"]
[Round "2"]
[White "Sbarra, Marco"]
[Black "Bove, Alessandro"]
[WhiteElo "2260"]
[BlackElo "2365"]
[Result "0-1"]
[PlyCount "48"]
[EventDate "2013.07.20"]

1. d4 Nf6 2. c4 e6 3. Nc3 Bb4 4. e3 c5 5. Nge2 d6 6. dxc5 dxc5 7. Qxd8+ Kxd8 8.
Bd2 Nc6 9. Nf4 b6 10. a3 Bxc3 11. Bxc3 Ke7 12. Be2 a5 13. Bf3 Bb7 14. b3 Rhd8
15. Ke2 g5 16. Nd3 g4 17. Bxc6 Bxc6 18. f3 gxf3+ 19. gxf3 Bxf3+ 20. Kxf3 Rxd3
21. Rhc1 Rg8 22. b4 Ng4 23. bxc5 Rxe3+ 24. Kf4 bxc5 0-1

[Event "C.to Italiano Semifinale"]
[Site "Civitanova Marche ITA"]
[Date "2013.07.21"]
[Round "2"]
[White "Tribuiani, Renato"]
[Black "Cocchi, Andrea"]
[WhiteElo "1978"]
[BlackElo "2302"]
[Result "0-1"]
[PlyCount "72"]
[EventDate "2013.07.20"]

1. e3 e5 2. c4 Nf6 3. Nc3 d6 4. b3 g6 5. Be2 Bg7 6. Bb2 Nc6 7. Nd5 Nxd5 8. cxd5
Ne7 9. e4 f5 10. f3 c6 11. dxc6 Nxc6 12. Bc4 fxe4 13. Qe2 d5 14. Bb5 O-O 15.
Bxc6 bxc6 16. fxe4 Qh4+ 17. g3 Qf6 18. O-O-O a5 19. Qg2 a4 20. Ne2 Bg4 21. Rhf1
Bf3 22. Qf2 axb3 23. axb3 d4 24. d3 Qg5+ 25. Kc2 Bxe4 26. Qe1 Bg2 27. Rf2 Bd5
28. Nc1 c5 29. Rdd2 Rfe8 30. Rde2 Qe7 31. Qd2 Rab8 32. Rf1 Qb7 33. Qa5 Bxb3+
34. Kb1 c4 35. Nxb3 cxd3 36. Nc5 dxe2 0-1

[Event "C.to Italiano Semifinale"]
[Site "Civitanova Marche ITA"]
[Date "2013.07.22"]
[Round "3"]
[White "Altini, Nicola"]
[Black "La Manna, Andrea"]
[WhiteElo "2347"]
[BlackElo "2192"]
[Result "1-0"]
[PlyCount "75"]
[EventDate "2013.07.20"]

1. d4 Nf6 2. c4 c5 3. d5 b5 4. Nf3 g6 5. cxb5 a6 6. b6 d6 7. Nc3 Qxb6 8. e4
Nbd7 9. Bd3 Bg7 10. O-O O-O 11. h3 Rb8 12. Rb1 Ne8 13. Bg5 Qd8 14. Qd2 Nc7 15.
a4 Nf6 16. Rfe1 e6 17. dxe6 Nxe6 18. Bh4 Bb7 19. Bc4 Qb6 20. Rbd1 Rfe8 21. b3
Qb4 22. Bxf6 Bxf6 23. Nd5 Bxd5 24. Qxd5 Rbd8 25. g3 a5 26. h4 Re7 27. Kg2 Qb8
28. h5 Nd4 29. Nxd4 Bxd4 30. hxg6 hxg6 31. Qg5 Kf8 32. Rxd4 cxd4 33. Qh6+ Ke8
34. Bb5+ Red7 35. e5 Qb7+ 36. f3 Ke7 37. e6 Rc7 38. Qh4+ 1-0

[Event "C.to Italiano Semifinale"]
[Site "Civitanova Marche ITA"]
[Date "2013.07.22"]
[Round "3"]
[White "Bianco, Valerio"]
[Black "Codenotti, Marco"]
[WhiteElo "2141"]
[BlackElo "2370"]
[Result "0-1"]
[PlyCount "76"]
[EventDate "2013.07.20"]

1. d4 Nf6 2. c4 g6 3. Nc3 d5 4. Bf4 Bg7 5. e3 O-O 6. Rc1 dxc4 7. Bxc4 Nbd7 8.
Nf3 Nh5 9. Bg5 h6 10. Bh4 g5 11. Bg3 Nxg3 12. hxg3 c5 13. Ne4 cxd4 14. exd4 g4
15. Nh2 Nb6 16. Bb3 Qxd4 17. Qxd4 Bxd4 18. Rc7 Bf5 19. Nc3 e6 20. O-O Rfc8 21.
Rxc8+ Rxc8 22. Nb5 Bxb2 23. Nxa7 Rc5 24. Rd1 Kg7 25. Nf1 Be5 26. a4 Rc3 27. Nd2
Bc2 28. Bxc2 Rxc2 29. a5 Nd5 30. Nb3 Rc4 31. Nb5 Rb4 32. N5d4 Nc3 33. Rd3 Rxd4
34. Rxd4 Ne2+ 35. Kf1 Nxd4 36. Nc5 Nc6 37. Nxb7 Bd4 38. Ke2 e5 0-1

[Event "C.to Italiano Semifinale"]
[Site "Civitanova Marche ITA"]
[Date "2013.07.22"]
[Round "3"]
[White "Bonafede, Alessandro"]
[Black "Santagati, Alessandro"]
[WhiteElo "2380"]
[BlackElo "2195"]
[Result "1/2-1/2"]
[PlyCount "108"]
[EventDate "2013.07.20"]

1. e4 Nc6 2. Nf3 f5 3. exf5 d5 4. d4 Bxf5 5. c4 e6 6. a3 Be7 7. Bf4 Bf6 8. cxd5
exd5 9. Ne5 Nge7 10. Bb5 O-O 11. Bg3 a6 12. Bxc6 Nxc6 13. O-O Nxe5 14. dxe5 Be7
15. Nc3 c6 16. Qd4 b6 17. b4 Bc2 18. Rfc1 Bb3 19. Rab1 c5 20. Qg4 Bc4 21. Qe6+
Kh8 22. Rd1 Ra7 23. Ne4 Ba2 24. Ra1 Bb3 25. Rdc1 c4 26. Nd6 Bxd6 27. exd6 d4
28. Rab1 d3 29. Rxb3 d2 30. Rd1 cxb3 31. Qxb3 Re8 32. Kf1 Qg5 33. Qd3 Qb5 34.
Rxd2 Qxd3+ 35. Rxd3 Rd7 36. Rc3 Kg8 37. Rc6 Rb8 38. Ke2 Kf7 39. Kd3 Ke6 40. Kd4
Rf7 41. Ke4 Rd7 42. h4 g6 43. Be5 Rbb7 44. g4 Rf7 45. f4 Rf8 46. Rc2 Rbf7 47.
a4 Rb7 48. Rc6 Re8 49. Rc1 Rf8 50. h5 gxh5 51. g5 Rbf7 52. Rh1 Rc8 53. Kd4 b5
54. axb5 axb5 1/2-1/2

[Event "C.to Italiano Semifinale"]
[Site "Civitanova Marche ITA"]
[Date "2013.07.22"]
[Round "3"]
[White "Boscolo, Federico"]
[Black "Bruno, Fabio"]
[WhiteElo "2349"]
[BlackElo "2421"]
[Result "0-1"]
[PlyCount "142"]
[EventDate "2013.07.20"]

1. e4 e6 2. d4 d5 3. Nd2 Nf6 4. e5 Nfd7 5. Bd3 c5 6. c3 Nc6 7. Ngf3 a6 8. O-O
g6 9. Re1 Bg7 10. Nf1 O-O 11. Be3 cxd4 12. cxd4 f6 13. exf6 Bxf6 14. Ng3 Re8
15. Rc1 Nf8 16. Bc2 Bd7 17. Qd2 Rc8 18. b4 Qb6 19. a3 a5 20. Ba4 axb4 21. Bxc6
Rxc6 22. Rxc6 Bxc6 23. axb4 Be7 24. Rb1 Bb5 25. Bf4 Nd7 26. h4 Rc8 27. h5 Bf6
28. hxg6 hxg6 29. Bg5 Bg7 30. Bh6 Bf6 31. Bg5 Bg7 32. Bh6 Bf6 33. Qf4 Bd3 34.
Re1 Re8 35. Rc1 e5 36. Qg4 Qe6 37. Qxe6+ Rxe6 38. Rc8+ Kf7 39. Rc7 Ke8 40. Rc8+
Ke7 41. dxe5 Nxe5 42. Rc7+ Kd6 43. Rxb7 Nxf3+ 44. gxf3 Kc6 45. Rf7 Bc3 46. Bf8
Rf6 47. Rxf6+ Bxf6 48. Nf1 Be2 49. Nd2 Bc3 50. Nb3 Bc4 51. Nc5 Kb5 52. Ne6 d4
53. Nxd4+ Bxd4 54. Kg2 Bd3 55. Kg3 Bf5 56. Bd6 Bc3 57. Bc7 Kxb4 58. Bb6 Kc4 59.
f4 Bd4 60. Bd8 Kd3 61. Bc7 Ke2 62. f3 Bf2+ 63. Kg2 Be6 64. Bd6 Bd5 65. Bc7
Bxf3+ 66. Kh3 Kd3 67. Bd6 Ke4 68. Bc7 Be1 69. Bd6 Bh5 70. Kg2 Kf5 71. Bc7 Kg4
0-1

[Event "C.to Italiano Semifinale"]
[Site "Civitanova Marche ITA"]
[Date "2013.07.22"]
[Round "3"]
[White "Bove, Alessandro"]
[Black "Contin, Daniel"]
[WhiteElo "2365"]
[BlackElo "2330"]
[Result "1-0"]
[PlyCount "135"]
[EventDate "2013.07.20"]

1. d4 Nf6 2. Nf3 e6 3. e3 b6 4. Bd3 Bb7 5. O-O c5 6. c4 g6 7. d5 exd5 8. cxd5
Bxd5 9. e4 Be6 10. e5 Nh5 11. Nc3 Nc6 12. Ne4 Qc7 13. Bg5 Bg7 14. Nd6+ Kf8 15.
Re1 a6 16. Be4 f5 17. exf6 Nxf6 18. Bxc6 Qxc6 19. Ne5 Qc7 20. Qf3 Ke7 21. Rad1
Raf8 22. Qe2 Qxd6 23. Rxd6 Kxd6 24. Qxa6 Nd5 25. Nc4+ Kc7 26. Qa7+ Kc6 27. Qa4+
Kc7 28. Be7 Ra8 29. Bd6+ Kb7 30. Qb5 Bd4 31. Be5 Bxe5 32. Rxe5 Rxa2 33. h3 Ka7
34. Rxd5 Bxd5 35. Qxd7+ Bb7 36. Qc7 Ra6 37. Nd6 Rb8 38. Nb5+ Ka8 39. Kh2 Rc8
40. Qxh7 Ra5 41. Nd6 Rb8 42. Qxg6 b5 43. Qf5 b4 44. Qd7 Ra7 45. Nxb7 Raxb7 46.
Qa4+ Ra7 47. Qc6+ Rab7 48. Qxc5 Rb5 49. Qc6+ Ka7 50. g4 R8b6 51. Qd7+ Rb7 52.
Qd4+ Ka6 53. h4 Ka5 54. h5 Ka4 55. h6 Kb3 56. g5 Ka2 57. f4 Rc7 58. Kg3 Rc2 59.
h7 Kb1 60. h8=Q b3 61. Qh1+ Rc1 62. Qd3+ Ka2 63. Qa8+ Kxb2 64. Qg2+ Ka1 65.
Qd4+ b2 66. Qa4+ Kb1 67. Qge4+ Rc2 68. Qexc2# 1-0

[Event "C.to Italiano Semifinale"]
[Site "Civitanova Marche ITA"]
[Date "2013.07.22"]
[Round "3"]
[White "Cocchi, Andrea"]
[Black "Rombaldoni, Denis"]
[WhiteElo "2302"]
[BlackElo "2484"]
[Result "1/2-1/2"]
[PlyCount "78"]
[EventDate "2013.07.20"]

1. Nf3 d5 2. b3 c5 3. e3 Nc6 4. Bb2 a6 5. d4 Bg4 6. Be2 Nf6 7. O-O cxd4 8. Nxd4
Bxe2 9. Qxe2 Nxd4 10. Bxd4 Rc8 11. Bxf6 gxf6 12. c4 dxc4 13. bxc4 e6 14. Nd2
Be7 15. Rab1 Rc7 16. Rfd1 Rd7 17. Ne4 f5 18. Rxd7 Qxd7 19. Qb2 O-O 20. Nf6+
Bxf6 21. Qxf6 Qd8 22. Qb2 Qd3 23. Qxb7 Qxc4 24. Qe7 h6 25. a3 Qc2 26. Rf1 Qb2
27. h3 Rc8 28. Rd1 Rc1 29. Rxc1 Qxc1+ 30. Kh2 Qb2 31. Kg1 Qb1+ 32. Kh2 Qb2 33.
Kg1 Qa1+ 34. Kh2 Kg7 35. Qd6 Qf1 36. Qg3+ Kh7 37. Qc7 Kg8 38. Qb8+ Kg7 39. Qg3+
Kh7 1/2-1/2

[Event "C.to Italiano Semifinale"]
[Site "Civitanova Marche ITA"]
[Date "2013.07.22"]
[Round "3"]
[White "Esposito, Luca"]
[Black "De Filomeno, Simone"]
[WhiteElo "2277"]
[BlackElo "2385"]
[Result "1/2-1/2"]
[PlyCount "71"]
[EventDate "2013.07.20"]

1. Nf3 d5 2. c4 e6 3. g3 Nf6 4. Bg2 Be7 5. O-O O-O 6. d4 dxc4 7. Qc2 a6 8. Qxc4
b5 9. Qc2 Bb7 10. Bd2 Be4 11. Qc1 Qc8 12. Bg5 Nbd7 13. Nbd2 Bb7 14. Ne5 Bxg2
15. Kxg2 c5 16. Nxd7 Qxd7 17. dxc5 Qd5+ 18. Nf3 Qxc5 19. Qxc5 Bxc5 20. Bxf6
gxf6 21. Rfc1 Rfc8 22. Rc2 Bf8 23. Rac1 Rxc2 24. Rxc2 Rd8 25. Ne1 Rd4 26. Nd3
Rc4 27. Rxc4 bxc4 28. Ne1 f5 29. Kf3 Bg7 30. b3 cxb3 31. axb3 Kf8 32. Ke3 Ke7
33. Kd3 Kd6 34. Kc4 Kc6 35. b4 Be5 36. Nc2 1/2-1/2

[Event "C.to Italiano Semifinale"]
[Site "Civitanova Marche ITA"]
[Date "2013.07.22"]
[Round "3"]
[White "Lanzani, Mario"]
[Black "Parrella, Alfredo"]
[WhiteElo "2308"]
[BlackElo "2072"]
[Result "1-0"]
[PlyCount "83"]
[EventDate "2013.07.20"]

1. e4 e6 2. d4 d5 3. Nd2 c5 4. Ngf3 cxd4 5. exd5 Qxd5 6. Bc4 Qd6 7. O-O Nf6 8.
Nb3 Nc6 9. Nbxd4 Nxd4 10. Qxd4 Qxd4 11. Nxd4 a6 12. Be2 Bd7 13. Bf3 O-O-O 14.
Nb3 Bc6 15. Bxc6 bxc6 16. c4 Bd6 17. Bd2 Ng4 18. h3 Ne5 19. Bc3 Rhg8 20. Na5
Bc7 21. f4 Ng6 22. Nxc6 Rd7 23. Ne5 Bxe5 24. fxe5 Nh8 25. Rad1 Rgd8 26. Rxd7
Rxd7 27. Rf4 Ng6 28. Rd4 Rxd4 29. Bxd4 Kb7 30. Kf2 Kc6 31. b4 Nf8 32. a4 Nd7
33. b5+ axb5 34. axb5+ Kc7 35. c5 Nf8 36. Kf3 Ng6 37. Ke4 Ne7 38. Bc3 Kb7 39.
Ba5 Kc8 40. c6 Kb8 41. Kd4 Kc8 42. Kc5 1-0

[Event "C.to Italiano Semifinale"]
[Site "Civitanova Marche ITA"]
[Date "2013.07.22"]
[Round "3"]
[White "Rombaldoni, Axel"]
[Black "Dappiano, Andrea"]
[WhiteElo "2494"]
[BlackElo "2149"]
[Result "1-0"]
[PlyCount "67"]
[EventDate "2013.07.20"]

1. e4 e6 2. d4 d5 3. Nd2 Nc6 4. Ngf3 Nf6 5. e5 Nd7 6. c3 f6 7. exf6 Qxf6 8. Bb5
Bd6 9. Nf1 O-O 10. Ne3 Ne7 11. Bd3 Nf5 12. O-O Nh4 13. Nxh4 Qxh4 14. g3 Qe7 15.
Qe2 Nf6 16. f4 b6 17. Bd2 Bb7 18. Rae1 Rae8 19. Nd1 c5 20. Nf2 cxd4 21. cxd4
Bb4 22. a3 Bxd2 23. Qxd2 Qd6 24. Re5 Bc6 25. Rfe1 Bd7 26. Bf1 Rc8 27. Bh3 Rfe8
28. g4 Rc4 29. g5 Ne4 30. Nxe4 dxe4 31. R5xe4 Rec8 32. Qe3 Rc2 33. Rxe6 Qd5 34.
Re5 1-0

[Event "C.to Italiano Semifinale"]
[Site "Civitanova Marche ITA"]
[Date "2013.07.22"]
[Round "3"]
[White "Scalcione, Michelangelo"]
[Black "Viviani, Alessio"]
[WhiteElo "2342"]
[BlackElo "2141"]
[Result "1-0"]
[PlyCount "51"]
[EventDate "2013.07.20"]

1. Nf3 Nf6 2. c4 g6 3. Nc3 Bg7 4. e4 d6 5. d4 O-O 6. Be2 c5 7. O-O cxd4 8. Nxd4
Nc6 9. Be3 Bd7 10. Qd2 Nxd4 11. Bxd4 Bc6 12. f3 a5 13. Nd5 Bxd5 14. cxd5 Nd7
15. Rac1 Bxd4+ 16. Qxd4 Nc5 17. f4 Qb6 18. Rc4 Qa7 19. Kh1 Rab8 20. Rc3 b5 21.
Rh3 Qb6 22. f5 f6 23. e5 g5 24. e6 Kh8 25. Qg4 Rg8 26. Rxh7+ 1-0

[Event "C.to Italiano Semifinale"]
[Site "Civitanova Marche ITA"]
[Date "2013.07.22"]
[Round "3"]
[White "Sibilio, Mario"]
[Black "Rambaldi, Francesco"]
[WhiteElo "2306"]
[BlackElo "2347"]
[Result "1/2-1/2"]
[PlyCount "28"]
[EventDate "2013.07.20"]

1. e4 c5 2. Nf3 d6 3. b3 Nc6 4. Bb5 e5 5. O-O g6 6. b4 cxb4 7. a3 Bg7 8. axb4
Nf6 9. d3 O-O 10. c3 a6 11. Nbd2 Bg4 12. Bxc6 bxc6 13. h3 Be6 14. Qa4 Qc7
1/2-1/2

[Event "C.to Italiano Semifinale"]
[Site "Civitanova Marche ITA"]
[Date "2013.07.22"]
[Round "3"]
[White "Stella, Andrea"]
[Black "Pescatore, Lorenzo"]
[WhiteElo "2447"]
[BlackElo "2230"]
[Result "1-0"]
[PlyCount "105"]
[EventDate "2013.07.20"]

1. Nf3 c5 2. c4 Nc6 3. g3 g6 4. Nc3 Bg7 5. Bg2 e5 6. O-O d6 7. a3 a5 8. Ne1 Be6
9. d3 Nge7 10. Nc2 d5 11. cxd5 Nxd5 12. Ne3 Nde7 13. Nc4 O-O 14. Bg5 f6 15. Be3
Nd4 16. Bxb7 Rb8 17. Bg2 Nb3 18. Na4 Nxa1 19. Qxa1 f5 20. Rd1 e4 21. Nxc5 Bf7
22. dxe4 Bxc4 23. Rxd8 Rfxd8 24. Nd3 fxe4 25. Bxe4 Nf5 26. Ba7 Rb5 27. a4 Rb3
28. Qc1 Bf7 29. Qc7 Bf6 30. Kg2 Re8 31. Bf3 Nd4 32. Bxd4 Bxd4 33. Qd7 Bf6 34.
Bd5 Re7 35. Bxf7+ Rxf7 36. Qd5 Rbb7 37. Qxa5 Bxb2 38. Qd8+ Rf8 39. Qd5+ Rff7
40. Qd8+ Rf8 41. Qd5+ Rff7 42. Nc5 Ra7 43. Qd8+ Rf8 44. Qb6 Raf7 45. Qxb2 Rxf2+
46. Kh3 R8f5 47. Qb3+ Kg7 48. Ne6+ Kf6 49. Nf4 Kg5 50. Qe3 R2xf4 51. gxf4+ Kh6
52. Kg3 Kg7 53. a5 1-0

[Event "C.to Italiano Semifinale"]
[Site "Civitanova Marche ITA"]
[Date "2013.07.22"]
[Round "3"]
[White "Vezzosi, Paolo"]
[Black "Bonade', Massimo"]
[WhiteElo "2281"]
[BlackElo "2100"]
[Result "1-0"]
[PlyCount "89"]
[EventDate "2013.07.20"]

1. d4 Nf6 2. Nf3 e6 3. Bg5 b6 4. e3 Bb7 5. Bd3 Be7 6. O-O Ne4 7. Bxe7 Qxe7 8.
c3 f5 9. Qe2 d6 10. Ne1 O-O 11. f3 Nf6 12. Nd2 a5 13. Nc2 Nbd7 14. Rfe1 Rae8
15. Rad1 Qf7 16. Na3 Nd5 17. Nf1 Qh5 18. Nb5 Rc8 19. a3 Kh8 20. b4 axb4 21.
axb4 N5f6 22. c4 Nb8 23. Na7 Rce8 24. Ra1 c6 25. Qb2 Nfd7 26. e4 fxe4 27. Ng3
Qh6 28. Nxe4 e5 29. c5 dxc5 30. dxc5 Re6 31. Rad1 b5 32. Bb1 Qf4 33. Rd6 Rxd6
34. Nxd6 Ba6 35. Ba2 g6 36. Be6 Kg7 37. Bxd7 Nxd7 38. Nxc6 Kh6 39. Re4 Qg5 40.
Nxe5 Nxe5 41. Rxe5 Qh4 42. Re4 Qg5 43. h4 Qg3 44. Qd2+ Kg7 45. Re7+ 1-0

[Event "C.to Italiano Semifinale"]
[Site "Civitanova Marche ITA"]
[Date "2013.07.22"]
[Round "3"]
[White "Xia, Jie"]
[Black "Distaso, Antonio"]
[WhiteElo "2287"]
[BlackElo "2119"]
[Result "1/2-1/2"]
[PlyCount "124"]
[EventDate "2013.07.20"]

1. d4 d5 2. e4 dxe4 3. Nc3 Nf6 4. f3 e3 5. Bxe3 e6 6. Bd3 Nbd7 7. Nge2 Be7 8.
O-O O-O 9. Ne4 b6 10. c4 Bb7 11. Qc2 c5 12. Nxf6+ Nxf6 13. Rad1 Qc8 14. Kh1 h6
15. Nc3 Rd8 16. Qf2 cxd4 17. Bxd4 Nh5 18. Be4 Bf6 19. Bxb7 Qxb7 20. Ne4 Qe7 21.
Nxf6+ Nxf6 22. Rd2 Rac8 23. b3 Rc7 24. Rfd1 Rcd7 25. Bc3 Rxd2 26. Rxd2 Rxd2 27.
Qxd2 Qd7 28. Qe2 Qe7 29. g3 Qa3 30. Qd2 Qe7 31. Kg2 Qd7 32. Qe2 Kf8 33. Qe5 Ne8
34. Bb4+ Kg8 35. Kf2 f6 36. Qe3 Nc7 37. Ke2 Kf7 38. a4 Na6 39. Ba3 Qc7 40. Qe4
Nc5 41. Bxc5 Qxc5 42. Qb7+ Qe7 43. Qc8 Qd6 44. Qb7+ Qe7 45. Qe4 Qa3 46. Qc2 Ke7
47. Kf2 Qb4 48. Kg2 Kf7 49. Qd3 Ke7 50. h4 Qd6 51. Qe3 Qd1 52. g4 e5 53. a5 Qd6
54. axb6 axb6 55. Qe4 Qd2+ 56. Kg3 Kd6 57. Kh3 Qd1 58. Qe3 Qd4 59. Qe1 Kc5 60.
Kg3 Qd3 61. Qf2+ Qd4 62. Qe1 Qd3 1/2-1/2

[Event "C.to Italiano Semifinale"]
[Site "Civitanova Marche ITA"]
[Date "2013.07.23"]
[Round "4"]
[White "Basso, Pier Luigi"]
[Black "Xia, Jie"]
[WhiteElo "2239"]
[BlackElo "2287"]
[Result "1/2-1/2"]
[PlyCount "148"]
[EventDate "2013.07.20"]

1. e4 c5 2. Nf3 Nc6 3. d4 cxd4 4. Nxd4 g6 5. c4 Nf6 6. Nc3 Bg7 7. Be3 O-O 8.
Be2 d6 9. O-O Bd7 10. Rc1 Nxd4 11. Bxd4 Bc6 12. f3 a5 13. Nd5 Nd7 14. Bxg7 Kxg7
15. Qd4+ Kg8 16. Kh1 e5 17. Qd2 Nc5 18. Rcd1 Bxd5 19. Qxd5 Ra6 20. f4 exf4 21.
e5 Qe7 22. exd6 Qxe2 23. Qxc5 Rc6 24. Qa3 Rxc4 25. d7 Rd4 26. Qf3 Qxf3 27. gxf3
Rxd1 28. Rxd1 Rd8 29. Kg2 Kf8 30. Rd4 Ke7 31. Re4+ Kxd7 32. Rxf4 f5 33. Ra4 Ke6
34. Rxa5 Rd2+ 35. Kg3 Rxb2 36. h4 h6 37. Ra8 Kf7 38. Rb8 h5 39. a4 Rb4 40. a5
f4+ 41. Kg2 Rb5 42. Ra8 Rb2+ 43. Kg1 Ra2 44. Ra7 Kf6 45. Rxb7 Rxa5 46. Kg2 Ra2+
47. Kh3 Ra3 48. Kg2 Re3 49. Rh7 Re2+ 50. Kh3 Re7 51. Rh8 Ke5 52. Rd8 Rf7 53.
Kg2 Rg7 54. Re8+ Kf6 55. Rf8+ Rf7 56. Ra8 Re7 57. Ra6+ Re6 58. Ra5 Re5 59. Ra6+
Kf5 60. Rb6 Re2+ 61. Kh3 Re1 62. Rb5+ Kf6 63. Rb6+ Kg7 64. Rb7+ Kh6 65. Kg2 Re5
66. Rb6 Kg7 67. Rb7+ Kf6 68. Rb6+ Kf5 69. Ra6 Rc5 70. Rb6 Re5 71. Ra6 g5 72.
Rh6 Re2+ 73. Kg1 Re1+ 74. Kg2 Re2+ 1/2-1/2

[Event "C.to Italiano Semifinale"]
[Site "Civitanova Marche ITA"]
[Date "2013.07.23"]
[Round "4"]
[White "Bruno, Fabio"]
[Black "Bove, Alessandro"]
[WhiteElo "2421"]
[BlackElo "2365"]
[Result "0-1"]
[PlyCount "72"]
[EventDate "2013.07.20"]

1. Nf3 e6 2. c4 Nf6 3. g3 d5 4. Bg2 a6 5. b3 Nbd7 6. O-O Bd6 7. Bb2 O-O 8. Nc3
Qe7 9. d4 dxc4 10. bxc4 c5 11. e3 Rd8 12. Qb3 Rb8 13. a4 b6 14. Rad1 Bb7 15.
Qc2 cxd4 16. exd4 Ba3 17. Ba1 Rbc8 18. Qa2 Bb4 19. Rc1 Ne4 20. Nxe4 Bxe4 21.
Qb3 Ba5 22. Qe3 Nf6 23. Rfd1 Bc6 24. d5 Bxa4 25. Rd4 b5 26. Rh4 Rxc4 27. Rcxc4
bxc4 28. Ng5 Nxd5 29. Bxd5 Rxd5 30. Rxc4 Bb5 31. Rc8+ Bd8 32. Be5 Rd1+ 33. Kg2
Bf1+ 34. Kf3 Rd3 35. Bc7 Rxe3+ 36. fxe3 Qxc7 0-1

[Event "C.to Italiano Semifinale"]
[Site "Civitanova Marche ITA"]
[Date "2013.07.23"]
[Round "4"]
[White "Codenotti, Marco"]
[Black "Cocchi, Andrea"]
[WhiteElo "2370"]
[BlackElo "2302"]
[Result "1/2-1/2"]
[PlyCount "111"]
[EventDate "2013.07.20"]

1. e4 e6 2. d4 d5 3. Nd2 Be7 4. Bd3 c5 5. dxc5 Nd7 6. exd5 exd5 7. Nb3 Nxc5 8.
Nxc5 Bxc5 9. Nf3 Ne7 10. O-O O-O 11. Re1 Nc6 12. Be3 Bxe3 13. Rxe3 Qf6 14. c3
Bg4 15. Be2 Rad8 16. Rd3 Rfe8 17. Nd4 Bxe2 18. Nxe2 Re5 19. Qd2 h5 20. Rd1 Rde8
21. Nc1 Qe6 22. Kf1 Qd6 23. g3 Rd8 24. Ne2 Rf5 25. Nf4 d4 26. cxd4 Nb4 27. Rb3
Nd5 28. Nxd5 Rxd5 29. Kg1 Qa6 30. Qc3 b5 31. a3 Qf6 32. Qe3 Rxd4 33. Rxd4 Rxd4
34. Qe8+ Kh7 35. Qxb5 g6 36. Rb4 Rd1+ 37. Kg2 Qe6 38. Qc4 Qf5 39. Rb7 Kg8 40.
Rb8+ Kh7 41. Rb3 Qd7 42. Rf3 Kg8 43. b4 h4 44. Qxh4 Qb5 45. Re3 Qf1+ 46. Kf3
Qh1+ 47. Kg4 Rd4+ 48. f4 Qd1+ 49. Kg5 Rd5+ 50. Re5 Rxe5+ 51. fxe5 Qd8+ 52. Kg4
Qd7+ 53. Kf3 Qd3+ 54. Kf4 Qd4+ 55. Kf3 Qd3+ 56. Kf4 1/2-1/2

[Event "C.to Italiano Semifinale"]
[Site "Civitanova Marche ITA"]
[Date "2013.07.23"]
[Round "4"]
[White "Contin, Daniel"]
[Black "Rombaldoni, Axel"]
[WhiteElo "2330"]
[BlackElo "2494"]
[Result "0-1"]
[PlyCount "120"]
[EventDate "2013.07.20"]

1. c4 e5 2. Nc3 Nc6 3. g3 f5 4. Bg2 Nf6 5. e3 d5 6. cxd5 Nb4 7. d3 Nfxd5 8.
Nxd5 Nxd5 9. Nf3 Bd6 10. O-O Nf6 11. b4 Qe7 12. Bb2 O-O 13. a3 c6 14. Qb3+ Kh8
15. Rfe1 a5 16. bxa5 Rxa5 17. Qc3 Bc7 18. a4 Rd8 19. Ba3 Qe8 20. d4 e4 21. Ne5
Rxe5 22. dxe5 Bxe5 23. Qb4 Bxa1 24. Rxa1 Ng4 25. Bb2 Rd5 26. Qc3 Ne5 27. Bf1
Qd7 28. Be2 Nd3 29. Ba3 h6 30. a5 Qc7 31. Rd1 Qxa5 32. Qxa5 Rxa5 33. Bxd3 exd3
34. Rxd3 Be6 35. f3 Bd5 36. Kf2 Ra4 37. h3 Kg8 38. g4 g6 39. Kg3 Kf7 40. Bb2
Ra2 41. Rd2 Ke6 42. gxf5+ gxf5 43. Kf4 Ra4+ 44. Rd4 Ra2 45. Rd2 c5 46. e4 fxe4
47. fxe4 Bc6 48. e5 Ra4+ 49. Kg3 Ke7 50. Rd6 Rc4 51. Rf6 h5 52. h4 Rg4+ 53. Kh3
Bd7 54. Rf2 b5 55. Rg2 b4 56. Rxg4 Bxg4+ 57. Kg3 Ke6 58. Kf4 Kd5 59. Ke3 c4 60.
Bd4 c3 0-1

[Event "C.to Italiano Semifinale"]
[Site "Civitanova Marche ITA"]
[Date "2013.07.23"]
[Round "4"]
[White "De Filomeno, Simone"]
[Black "Lanzani, Mario"]
[WhiteElo "2385"]
[BlackElo "2308"]
[Result "1/2-1/2"]
[PlyCount "89"]
[EventDate "2013.07.20"]

1. e4 c5 2. g3 d5 3. exd5 Qxd5 4. Nf3 Bg4 5. Bg2 Qe6+ 6. Kf1 Nc6 7. h3 Bh5 8.
d3 Qd7 9. Na3 e5 10. Be3 Nf6 11. Nc4 Qe6 12. Kg1 h6 13. Qe2 g5 14. Bd2 Nd7 15.
Re1 f6 16. Nd4 Qf7 17. Nf5 Bxe2 18. Ncd6+ Bxd6 19. Nxd6+ Ke7 20. Nxf7 Kxf7 21.
Bxc6 bxc6 22. Rxe2 Nf8 23. Re4 Ne6 24. Rc4 Rab8 25. b3 Rhd8 26. Be3 Rb4 27. Rc3
Rd5 28. Kg2 f5 29. Re1 Kf6 30. a3 Rb5 31. Rc4 Ra5 32. a4 Ra6 33. Ra1 Rb6 34. a5
Rb5 35. a6 f4 36. Bd2 Rd4 37. Raa4 Rxc4 38. Rxc4 Nd4 39. gxf4 gxf4 40. b4 cxb4
41. Bxb4 Ne6 42. Bd6 Rb6 43. Re4 Rb5 44. Rc4 Rb6 45. Re4 1/2-1/2

[Event "C.to Italiano Semifinale"]
[Site "Civitanova Marche ITA"]
[Date "2013.07.23"]
[Round "4"]
[White "Distaso, Antonio"]
[Black "Sbarra, Marco"]
[WhiteElo "2119"]
[BlackElo "2260"]
[Result "0-1"]
[PlyCount "126"]
[EventDate "2013.07.20"]

1. e4 e5 2. Nf3 Nc6 3. Bb5 a6 4. Ba4 Nf6 5. O-O Be7 6. Re1 b5 7. Bb3 d6 8. c3
O-O 9. h3 Na5 10. Bc2 c5 11. d4 Qc7 12. Nbd2 Nc6 13. d5 Nd8 14. Nf1 Ne8 15. b4
f6 16. a4 Rb8 17. Be3 Bd7 18. axb5 axb5 19. Qb1 Nf7 20. Qa2 g6 21. g4 Ng7 22.
Ng3 Rfc8 23. Bd3 Qd8 24. Qb2 c4 25. Bc2 Ra8 26. Rxa8 Rxa8 27. Ra1 Qb8 28. Nd2
Ng5 29. Kh2 Bd8 30. Bd1 Qb7 31. f4 exf4 32. Bxf4 Nf7 33. Nf3 Ne5 34. Nxe5 fxe5
35. Be3 Rxa1 36. Qxa1 Bb6 37. Bg5 Bc8 38. Bf3 Ne8 39. h4 Qd7 40. h5 Bd8 41. Qc1
Nf6 42. Kg2 Qc7 43. Bxf6 Bxf6 44. Qh6 Qg7 45. Qe3 Qe7 46. hxg6 hxg6 47. Qh6 Qh7
48. Qxh7+ Kxh7 49. Ne2 Bg5 50. Kg3 Kh6 51. Bg2 Bd2 52. Bf3 Kg5 53. Kh3 Be1 54.
Kg2 Kh4 55. Kh2 Bd2 56. Kh1 Kh3 57. Kg1 Be3+ 58. Kh1 Bb6 59. g5 Be3 60. Bg2+
Kh4 61. Kh2 Bg4 62. Bf1 Bf3 63. Bh3 Bxe2 0-1

[Event "C.to Italiano Semifinale"]
[Site "Civitanova Marche ITA"]
[Date "2013.07.23"]
[Round "4"]
[White "Esposito, Luca"]
[Black "Altini, Nicola"]
[WhiteElo "2277"]
[BlackElo "2347"]
[Result "0-1"]
[PlyCount "78"]
[EventDate "2013.07.20"]

1. Nf3 d5 2. c4 d4 3. b4 g6 4. g3 Bg7 5. d3 e5 6. Bb2 Ne7 7. Bg2 O-O 8. O-O a5
9. b5 c5 10. Qc2 Ra7 11. e3 b6 12. exd4 exd4 13. Nbd2 Nf5 14. Rae1 Nd6 15. Ne4
Nxe4 16. Rxe4 Bf5 17. Re2 Re8 18. Rfe1 Rae7 19. h3 Rxe2 20. Rxe2 Re7 21. Bc1
Qe8 22. Kf1 h5 23. Bf4 Rxe2 24. Qxe2 Qc8 25. Ke1 Bf6 26. Ng5 Nd7 27. Ne4 Bxe4
28. Qxe4 Kg7 29. g4 hxg4 30. hxg4 g5 31. Bg3 Qd8 32. Qf5 Nf8 33. Be4 Ng6 34.
Kd2 Qe7 35. Qd5 Be5 36. Bxe5+ Qxe5 37. Qd8 Qf4+ 38. Ke1 Qc1+ 39. Ke2 Nf4+ 0-1